000 00342nam a2200145Ia 4500
008 151213s9999 xx 000 0 und d
100 _aPam Marries
245 _aThe Bakhtin Reader
_cPam Marries
260 _aLondon
_bArnold
_c1994
300 _a2204 p.
650 _aEnglish
650 _aEnglish
700 _aPam Marries
999 _c1609
_d1609